Catálogo público

La ganadería familiar en Santa Catarina del Monte,Texcoco,México / (Record no. 169101)

MARC details
000 -CABECERA
campo de control de longitud fija 00803nam a2200277Ia 4500
001 - NÚMERO DE CONTROL
campo de control Z_5892
003 - IDENTIFICADOR DEL NÚMERO DE CONTROL
campo de control CHAP
008 - DATOS DE LONGITUD FIJA--INFORMACIÓN GENERAL
campo de control de longitud fija 220113s2009 xx 000 0 und d
010 ## - NÚMERO DE CONTROL DE LA BIBLIOTECA DEL CONGRESO
Número de control de LC 169101
040 ## - FUENTE DE LA CATALOGACIÓN
Centro/agencia transcriptor CHAP
090 ## - LOCALMENTE ASIGNADO TIPO-LC NÚMERO DE CLASIFICACIÓN (OCLC); NÚMERO DE CLASIFICACIÓN LOCAL (RLIN)
Número de clasificación (OCLC) (R) ; Numero de clasificación, CALL (RLIN) (NR) Tesis R 2160
100 ## - ENTRADA PRINCIPAL--NOMBRE DE PERSONA
Nombre de persona Ramos Rivera,María del Carmen.
9 (RLIN) 94482
245 ## - MENCIÓN DE TÍTULO
Título La ganadería familiar en Santa Catarina del Monte,Texcoco,México /
Mención de responsabilidad, etc. María del Carmen Ramos Rivera
260 ## - PUBLICACIÓN, DISTRIBUCIÓN, ETC.
Lugar de publicación, distribución, etc. Chapingo,Méx. :
Nombre del editor, distribuidor, etc. EL autor,,
Fecha de publicación, distribución, etc. 2009
300 ## - DESCRIPCIÓN FÍSICA
Extensión 85h.
502 ## - NOTA DE TESIS
Nota de tesis Tesis (Ing.Agr.Esp. en Zootecnia).--UACH.Departamento de Zootecnia.
650 ## - PUNTO DE ACCESO ADICIONAL DE MATERIA--TÉRMINO DE MATERIA
Término de materia o nombre geográfico como elemento de entrada Ganadería Familiar
9 (RLIN) 143419
650 ## - PUNTO DE ACCESO ADICIONAL DE MATERIA--TÉRMINO DE MATERIA
Término de materia o nombre geográfico como elemento de entrada Manejo General
9 (RLIN) 143420
650 ## - PUNTO DE ACCESO ADICIONAL DE MATERIA--TÉRMINO DE MATERIA
Término de materia o nombre geográfico como elemento de entrada Santa Catarina del Monte.
9 (RLIN) 143421
901 ## - ELEMENTOS DE DATOS A LOCAL LDA (RLIN)
a TESIS R 2160
902 ## - ELEMENTOS DE DATOS B LOCAL, LDB (RLIN)
a M
910 ## - DATOS DE OPCIÓN DEL USUARIO (OCLC)
Datos de opción del usuario 2009
942 ## - ELEMENTOS DE PUNTO DE ACCESO ADICIONAL (KOHA)
Tipo de ítem Koha Tesis_
942 ## - ELEMENTOS DE PUNTO DE ACCESO ADICIONAL (KOHA)
Tipo de ítem Koha Tesis_
Holdings
Estado de retiro Estado de pérdida Estado dañado No para préstamo Localización permanente Ubicación/localización actual Ubicación en estantería Fecha de adquisición Información codificada de la localización en otra ubicación Total de préstamos Código de barras Fecha visto por última vez Número de copia Precio válido a partir de Tipo de ítem Koha Nota pública
        Zootecnia Zootecnia   25/02/2010 2   z_T 3746 18/01/2022 1 18/01/2022 Tesis_ 3
        Zootecnia Zootecnia   25/02/2010 2   z_T 3747 18/01/2022 2 18/01/2022 Tesis_ 3